000 00881cam a2200217 4500
001 WB3913-22
008 030401n2003 000 0 eng u
035 _a(Sirsi) u121838
245 _aRICS flooding research alert
260 _c2003
490 _aRICS Residential Faculty Residential Newsletter
_v 28 March 2003 (1)
520 _aThe RICS residential faculty is seeking information from surveyors on the impact of flooding on the value and sale of properties, particularly in high flood risk areas. A questionnaire is available on www.rics.org/includes/listnewsmoreall.html by clicking on the link 'Floods of interest 27 March'.
590 _aWB
650 _aFLOOD RISK AREAS
650 _aHOUSE SALES
650 _aPROPERTY VALUATIONS
650 _aRICS RESEARCH
650 _aInsurance
_96249
690 _aPROPERTY-PROPERTY APPRAISAL AND VALUATION
942 _n0
999 _c72398
_d72398